000 01154cam a22002054a 4500
005 20250605164217.0
008 250528s ||||||||||||||||||||||||d
035 _a20510
020 _a380707020
040 _aGR-AtMCL
_bgre
_dGR-AtMCL
_eAACR2
245 1 _aDukakis / The Man Who Should Be President
260 _bAvon Books,
_c1987
300 _a340
520 _aProspectively, no one can know how an individual will behave and perform under the pressures of the office, but it is possible to suggest the probabilities. Preface, Introduction, Panagis Doukakis and Euterpe Boukis, The All American Boy, College Days, The First Campaign, The Insurgency, First Tests of the reformer, Early Successes, The Organizer, The Fading of the Old Guard, Mike Dukakis Should Be Governor, Ushering in the New Era, Lead Pipes and Meatcleavers, The Reformer Immobilized, Achievements of a Reform Government, Politics Denied and Virtue Unrewarded, The Out-of-office Campaign, Making Ammends, Going National, A New Path to the White House.
700 1 _aGaines Richard
_96499
700 1 _aSegal Michael
_96500
942 _cBK
999 _c5610
_d5610